00961cam a22002411 4500001001300000003000400013005001700017008004100034010002300075025001900098040001800117043001200135050001500147082001600162100003100178245034700209260004700556300002100603500001700624651003400641700002700675999001700702sa 65000089 DLC20260227112100.0810921s1955 io 00010 ind  asa 65000089 //r942 aPL480:Indo-911 aDLCcDLCdDLC aa-io---00aDS638b.T600a327.59821910aTobing, F. L.,d1899-1962.00aAmanat Menteri Penerangan Dr. F.L. Tobing dan uraian Sekretaris Djenderal Kempen Harjoto tentang beberapa aspek mengenai persoalan pelaksanaan politik luar negeri Indonesia jang bebas dan aktif menudju perdamaian berdasarkan kepentingan nasional, Pada pembukaan Latihan Praktek Pendidikan Pegawai Staf Kempen di Tugu tanggal 30 Djanuari 1955.0 a[Djakarta]bKementerian Peneranganc[1955] a16, 3 p.c34 cm. aCover title. 0aIndonesiaxForeign relations.10aJoedoatmodjo, Harjoto. c61374d61374